01012nam a2200265Ia 450000500170000000800270001702000150004408200190005910000350007824501330011325000170024630000630026349000230032650000330034960000580038265000090044065100340044965100570048370000360054026400470057633600270062333700330065033800280068304000350071120220317000302.0141031s9999 ck 000 0 spa d a958655965304a986.1062bH25m1 aHenderson, James David,d1942-13aLa modernización en Colombiablos años de Laureano Gómez 1889-1965 cJames D. Henderson ; traducción Magdalena Holguín a1a edición axx, 683 páginasbilustraciones en blanco y negroc24 cm. aColección Clío aIncluye índice analítico1 aGómez, Laureano,d1889-1965qPensamiento político142LEMB14aColombiaxHistoriay1889-196514aColombiaxPolítica y gobiernoxHistoriay1889-19651 aHolguín, Magdalenaetraductor aMedellínbUniversidad de Antioquiac2006 atextobtxt2rdacontent asin mediaciónbn2rdamedia avolumenbnc2rdacarrier aCO-BoRNBPbspaerdacCO-BoRNBP